| 000 -LEADER |
| fixed length control field |
01351cam a2200313 i 4500 |
| 001 - CONTROL NUMBER |
| control field |
005273981 |
| 003 - CONTROL NUMBER IDENTIFIER |
| control field |
OCoLC |
| 005 - DATE AND TIME OF LATEST TRANSACTION |
| control field |
20230106103403.0 |
| 008 - FIXED-LENGTH DATA ELEMENTS--GENERAL INFORMATION |
| fixed length control field |
111104r20111954enkab 000 1 eng d |
| 020 ## - INTERNATIONAL STANDARD BOOK NUMBER |
| International Standard Book Number |
9780261103580 |
| Qualifying information |
(paperback) |
| 035 ## - SYSTEM CONTROL NUMBER |
| System control number |
(OCoLC)760284465 |
| 040 ## - CATALOGING SOURCE |
| Original cataloging agency |
NLE |
| Language of cataloging |
eng |
| Transcribing agency |
NLE |
| Modifying agency |
OCLCO |
| -- |
OCLCA |
| -- |
MYNLM |
| -- |
OCLCO |
| -- |
OCLCF |
| -- |
N15 |
| -- |
OCLCQ |
| -- |
OCLCA |
| -- |
AUPTL |
| -- |
OCL |
| -- |
NITA |
| -- |
KH8 |
| 042 ## - AUTHENTICATION CODE |
| Authentication code |
nbic |
| 082 04 - DEWEY DECIMAL CLASSIFICATION NUMBER |
| Classification number |
823.92 TOL |
| Edition number |
22 |
| 100 10 - MAIN ENTRY--PERSONAL NAME |
| Personal name |
Tolkien, J. R. R. |
| Fuller form of name |
(John Ronald Reuel), |
| Dates associated with a name |
1892-1973. |
| Relator term |
Author |
| 245 14 - TITLE STATEMENT |
| Title |
The Two Towers : |
| Remainder of title |
being the second part of the Lord of the rings / |
| Statement of responsibility, etc. |
by J.R.R. Tolkein. |
| 260 ## - PUBLICATION, DISTRIBUTION, ETC. |
| Place of publication, distribution, etc. |
London : |
| Name of publisher, distributor, etc. |
HarperCollins, |
| Date of publication, distribution, etc. |
2011, ©1954. |
| 300 ## - PHYSICAL DESCRIPTION |
| Extent |
viii pages, pages 414-742 : |
| Other physical details |
illustrations, maps ; |
| Dimensions |
20 cm. |
| 336 ## - CONTENT TYPE |
| Content type term |
text |
| Content type code |
txt |
| Source |
rdacontent. |
| 337 ## - MEDIA TYPE |
| Media type term |
unmediated |
| Media type code |
n |
| Source |
rdamedia. |
| 338 ## - CARRIER TYPE |
| Carrier type term |
volume |
| Carrier type code |
nc |
| Source |
rdacarrier. |
| 490 1# - SERIES STATEMENT |
| Series statement |
Lord of the rings ; |
| Volume/sequential designation |
pt. 2. |
| 500 ## - GENERAL NOTE |
| General note |
Originally published: 1954. |
| 520 0# - SUMMARY, ETC. |
| Summary, etc. |
The Company of the Ring is sundered. Frodo and Sam continue their journey alone down the great River Anduin - alone that is, save for a mysterious creeping figure that follows wherever they go. |
| 650 #0 - SUBJECT ADDED ENTRY--TOPICAL TERM |
| Topical term or geographic name entry element |
English fiction. |
| 650 #0 - SUBJECT ADDED ENTRY--TOPICAL TERM |
| Topical term or geographic name entry element |
Middle Earth (Imaginary place) |
| Form subdivision |
Fiction. |
| 800 1# - SERIES ADDED ENTRY--PERSONAL NAME |
| Personal name |
Tolkien, J. R. R. |
| Fuller form of name |
(John Ronald Reuel), |
| Dates associated with a name |
1892-1973. |
| Title of a work |
Lord of the rings ; |
| Volume/sequential designation |
pt. 2. |
| 942 ## - ADDED ENTRY ELEMENTS (KOHA) |
| Source of classification or shelving scheme |
|
| Koha item type |
Books - Non Ficton |